| 000 | 00815nam a2200205Ii 4500 | ||
|---|---|---|---|
| 003 | JO-AjNU | ||
| 008 | 230605s9999||||xx |||||||||||||| ||und|| | ||
| 040 |
_aJO-AjNU _bara _erda _cJO-AjNU |
||
| 041 | _aara | ||
| 050 | 1 | 4 | _aDT88.S38 2003 |
| 100 | 3 |
_aتاليف سعد الله، محمد علي؛ نقديم محمد جمال الدين مختار, _eauthor _914772 |
|
| 245 | 0 | 0 | _aالدور السياسي للملكات في مصر القديمة |
| 264 | 3 | 1 | _aالاسكندرية: مركز الاسكندرية للكتاب، 2003 |
| 300 | _a281ص | ||
| 336 |
_atext _btxt _2rdacontent |
||
| 337 |
_aunmediated _bn _2rdamedia |
||
| 338 |
_avolume _bnc _2rdacarrier |
||
| 490 | 0 | _aدراسات في تاريخ الشرق الادنى القديم؛ 2 | |
| 650 | 4 |
_aمصر - تاريخ -حتى 332 ق.م _914773 |
|
| 999 |
_aA4018 _c7586 _d7586 |
||